000 00776nam a2200253Ia 4500
003 OSt
005 20220923223222.0
006 a|||||r|||| 00| 0
007 ta
008 220922b |||||||| |||| 00| 0 hin d
024 _a212,235
037 _cTextual
040 _aARTS
_cARTS
_bhin
041 _2hin
_ahin
082 _aO152,3N32,CH, M1
100 _aकोहली, द्रोणावीर
245 0 _aचौखट
246 _aChaukhaṭa
260 _aदिल्ली
_b सरस्वती प्रका0
_c1981
300 _a246पृ.
_ccm.
650 _aहिन्दी साहित्य
_9156264
942 _hO152,3N32,CH, M1
_cTEXL
_2CC
999 _c362509
_d362509